| 000 | 02143 a2200241 4500 | ||
|---|---|---|---|
| 001 | 43888 | ||
| 005 | 20260407155720.0 | ||
| 008 | 260407a2008 arg spa d | ||
| 003 | AR-UNSa-BCEJYS | ||
| 040 |
_aAR-UNSa-BCEJYS _bspa _cAR-UNSa-BCEJYS |
||
| 080 |
_a338(4) _xSituación económica de Europa. Política económica. Gestión de la economía. Planificación de la economía. Producción. Servicios. Precios |
||
| 245 | 1 | 0 | _aEnsayos de persuasión |
| 020 | _a978-84-9756-612-4 | ||
| 264 | 1 |
_aMadrid : _bFundación ICO _c2008 |
|
| 300 |
_a422 p. _c22 cm. |
||
| 505 | _a1. París (1919) - 2. La capacidad de Alemania para pagar reparaciones (1919) - 3. Propuestas para la reconstrucción de Europa (1919) - 4. El cambio de la opinión pública (1921) - 5. Las deudas de guerra y los Estados Unidos (1921, 1925, 1928) - 6. Inflación (1919) - 7. Consecuencias sociales de los cambios en el valor del dinero (1923) - 8. El franco francés (1926, 1928) - 9. ¿Puede hacerlo Lloyd George? (1929) - 10. La gran depresión de 1930 (diciembre de 1930) - 11. Economía (1931) - 12. Consecuencias del hundimiento de los valores monetarios en el sistema bancario (agosto 1931) - 13. "Auri sacra fames" (septiembre de 1930) - 14. Fines alternativos de la policía monetaria (1923) - 15. Sugerencias positivas para la futura regulación del dinero (1923) - 16. Los discursos de los presidentes de la banca (1924, 1925, 1927) - 17. Las consecuencias económicas de Churchill (1925) - 18. Mitigación por medio del arancel (1931) - 19. El final del patrón oro (27 de septiembre de 1931) - 20. Breve panorama de Rusia (1925) - 21. El fin del "laissez-faire" (1926) - 22. ¿Soy un liberal? (1925) - 23. Liberalismo y laborismo (1926) - 24. Clissold (1927) - 25. Las posibilidades económicas de nuestros nietos (1930) - 26. Los medios para la prosperidad (1933) - 27. Cómo pagar la guerra (1940) | ||
| 041 | _aspa | ||
| 942 | _cBK | ||
| 590 | _aniveau_biblio:m niveau_hierar:0 | ||
| 100 | 1 | _aPascual, Jordi | |
| 700 | 1 | _aKeynes, John Maynard | |
| 856 | 4 | 1 |
_uhttps://biblioeco.unsa.edu.ar/pmb/images/libros/L126836.jpg _yImagen de portada _qimage/jpeg |
| 999 |
_c3745 _d3745 |
||